Cartografías del movimiento : bosquejos de espacios creados por recorridos de individuos y artefactos /
Conjunto de estudios que, desde varias disciplinas sociales, comparten la concepción del espacio como movimiento y buscan dar cuenta del movimiento de sujetos, manifestaciones culturales y artefactos, como por ejemplo, los migrantes, las peregrinaciones o el tráfico de artesanías. El movimiento dese...
Uloženo v:
| Hlavní autor: | |
|---|---|
| Další autoři: | |
| Médium: | Kniha |
| Jazyk: | španělština |
| Vydáno: |
Colotlán, México :
Universidad de Guadalajara, Centro Universitario del Norte,
2012, c2012
|
| Témata: | |
| Tagy: |
Žádné tagy, Buďte první, kdo vytvoří štítek k tomuto záznamu!
|
MARC
| LEADER | 00000nam^a2200000^a^4500 | ||
|---|---|---|---|
| 001 | 000367578 | ||
| 005 | 20250521000000.0 | ||
| 009 | 20260310115744.479 | ||
| 020 | |a 978-607-450-653-2 | ||
| 037 | |a Acervo ITESO - Biblioteca | ||
| 041 | |a ESP | ||
| 082 | |a 304. 23 |b LIZ | ||
| 100 | |a Lizardi Gómez, Alejandra Guadalupe |e (coord.) | ||
| 245 | 1 | 0 | |a Cartografías del movimiento : |b bosquejos de espacios creados por recorridos de individuos y artefactos / |c Coord. e introd. de A.G. Lizardi Gómez, K. Ortiz Cadena. |
| 264 | 4 | |a Colotlán, México : |b Universidad de Guadalajara, Centro Universitario del Norte, |c 2012, c2012 | |
| 300 | |a 203 p. | ||
| 336 | |a texto |b txt |2 rdacontenido | ||
| 337 | |a sin mediación |b n |2 rdamedio | ||
| 338 | |a volumen |b nc |2 rdasoporte | ||
| 520 | |a Conjunto de estudios que, desde varias disciplinas sociales, comparten la concepción del espacio como movimiento y buscan dar cuenta del movimiento de sujetos, manifestaciones culturales y artefactos, como por ejemplo, los migrantes, las peregrinaciones o el tráfico de artesanías. El movimiento desempeña un papel central en la creación del espacio, que deja de ser visto como una estructura contenedora y comienza a concebirse como el movimiento conjunto de experiencias y lenguaje. | ||
| 649 | |a XX | ||
| 650 | |a Bolivianos en Córdoba, Argentina - |x Condiciones Sociales y Culturales | ||
| 650 | |a Reservas Ecológicas - |z Los Tuxtlas, Veracruz - |x Aspectos Sociales y Culturales | ||
| 650 | |a Espacio Social - |x Tema Principal | ||
| 650 | |a Migración - |z Argentina-Bolivia | ||
| 650 | |a Migración - |z México-EUA | ||
| 650 | |a Fiestas Patronales - |z Juanchorrey, Zacatecas | ||
| 650 | |a Servicios Médicos y de Salud - |z México | ||
| 650 | |a Servicios Médicos y de Salud - |z EUA | ||
| 650 | |a Literatura Científica, Profesional y Académica - |z México - |x Aspectos Sociales y Culturales | ||
| 650 | |a Danza Boliviana - |x Aspectos Sociales y Culturales | ||
| 650 | |a Diseño Textil - |z Coroma, Bolivia - |x Aspectos Sociales y Culturales | ||
| 650 | |a Robo y Tráfico de Arte | ||
| 650 | |a Geografía Humana | ||
| 650 | |a Sociología de la Religión | ||
| 650 | |a Sociología de la Ciencia | ||
| 650 | |a Sociología de la Cultura | ||
| 650 | |a Cristóbal Magallanes Jara, Santo - Culto | ||
| 700 | |a Ortiz Cadena, Kenia Berenice |e (coordinación) | ||
| 910 | |a Fondo General | ||
| 920 | |a Impresos - Libros | ||
| 930 | |a Colección General | ||
| 905 | |a 101 | ||
| 901 | |a 0500261139 |b IT1 |c ACC |d EG |i D76019 |u 20250521 | ||
| 902 | |a https://opac.biblio.iteso.mx/vufind/Record/000367578 | ||